<?xml version="1.0" encoding="UTF-8"?>
<collection xmlns="http://www.loc.gov/MARC21/slim">
<record>
  <controlfield tag="001">149186</controlfield>
  <controlfield tag="005">20250127135740.0</controlfield>
  <datafield tag="037" ind1=" " ind2=" ">
    <subfield code="a">TAZ-TFM-2024-1557</subfield>
  </datafield>
  <datafield tag="041" ind1=" " ind2=" ">
    <subfield code="a">spa</subfield>
  </datafield>
  <datafield tag="100" ind1="1" ind2=" ">
    <subfield code="a">Alejandro Mazas Rodríguez</subfield>
  </datafield>
  <datafield tag="242" ind1="0" ind2="0">
    <subfield code="a">Social Support Networks and Mental Health of Elderly Residents: A Mixed Study</subfield>
  </datafield>
  <datafield tag="245" ind1="0" ind2="0">
    <subfield code="a">Redes de apoyo social y salud mental de personas mayores en residencias. Un estudio mixto</subfield>
  </datafield>
  <datafield tag="260" ind1=" " ind2=" ">
    <subfield code="a">Zaragoza</subfield>
    <subfield code="b">Universidad de Zaragoza</subfield>
    <subfield code="c">2024</subfield>
  </datafield>
  <datafield tag="506" ind1=" " ind2=" ">
    <subfield code="a">by-nc-sa</subfield>
    <subfield code="b">Creative Commons</subfield>
    <subfield code="c">3.0</subfield>
    <subfield code="u">http://creativecommons.org/licenses/by-nc-sa/3.0/</subfield>
  </datafield>
  <datafield tag="520" ind1=" " ind2=" ">
    <subfield code="a">Introducción: Las redes de apoyo social son un elemento crucial en el mantenimiento de la calidad de vida de los adultos mayores, especialmente en contextos institucionales donde el riesgo de soledad y aislamiento puede ser elevado. &lt;br />Objetivo: Analizar el impacto de las redes de apoyo social formales e informales en la salud mental y evaluar las actividades grupales y recreativas como factores que facilitan el apoyo social de los residentes de la tercera edad en una residencia de Zaragoza. &lt;br />Metodología: Se adoptó una metodología mixta, combinando siete entrevistas individuales y cuestionarios. Las entrevistas permitieron explorar en profundidad las experiencias y percepciones de apoyo social de los participantes. Los cuestionarios cuantificaron el apoyo social percibido mediante el cuestionario Duke-UNC. Para el análisis cuantitativo, se calcularon medidas descriptivas.&lt;br />Resultados: El cuestionario de Duke-UNC indicó una variabilidad moderada en la percepción del apoyo social (39.0010.65). El 28.6% de los participantes percibieron un apoyo social bajo, el 42.9% un apoyo medio y el 28.6% un apoyo alto. Los resultados cualitativos revelaron que los residentes valoraron la interacción regular con sus familiares y compañeros, así como la atención del personal de la residencia, lo que contribuye positivamente a su bienestar emocional.&lt;br />Conclusiones: Las redes de apoyo social desempeñan un papel fundamental en el bienestar emocional de los adultos mayores en residencias. Las interacciones afectivas y el acceso a actividades recreativas y sociales son esenciales para reducir la percepción de soledad y mejorar la calidad de vida. El estudio sugiere la necesidad de fortalecer las redes de apoyo y aumentar las oportunidades de interacción social dentro de las residencias para mejorar el bienestar emocional y a cubrir mejor las necesidades de los residentes.&lt;br />Palabras clave: apoyo social, salud mental, personas mayores, residencias, bienestar emocional.&lt;br />&lt;br /></subfield>
  </datafield>
  <datafield tag="521" ind1=" " ind2=" ">
    <subfield code="a">Máster Universitario en Gerontología Social</subfield>
  </datafield>
  <datafield tag="540" ind1=" " ind2=" ">
    <subfield code="a">Derechos regulados por licencia Creative Commons</subfield>
  </datafield>
  <datafield tag="856" ind1="0" ind2=" ">
    <subfield code="f">795250@unizar.es</subfield>
  </datafield>
  <datafield tag="856" ind1="4" ind2=" ">
    <subfield code="s">1015669</subfield>
    <subfield code="u">http://zaguan.unizar.es/record/149186/files/TAZ-TFM-2024-1557.pdf</subfield>
    <subfield code="y">Memoria (spa)</subfield>
  </datafield>
  <datafield tag="909" ind1="C" ind2="O">
    <subfield code="o">oai:zaguan.unizar.es:149186</subfield>
    <subfield code="p">driver</subfield>
    <subfield code="p">trabajos-fin-master</subfield>
  </datafield>
  <datafield tag="950" ind1=" " ind2=" ">
    <subfield code="a"></subfield>
  </datafield>
  <datafield tag="691" ind1=" " ind2=" ">
    <subfield code="a">0</subfield>
  </datafield>
  <datafield tag="692" ind1=" " ind2=" ">
    <subfield code="a"></subfield>
  </datafield>
  <datafield tag="700" ind1=" " ind2=" ">
    <subfield code="a">María Isabel Iguacel Azorín</subfield>
    <subfield code="e">dir.</subfield>
  </datafield>
  <datafield tag="710" ind1="2" ind2=" ">
    <subfield code="a">Universidad de Zaragoza</subfield>
    <subfield code="b">Fisiatría y Enfermería</subfield>
    <subfield code="c">Enfermería</subfield>
  </datafield>
  <datafield tag="980" ind1=" " ind2=" ">
    <subfield code="a">TAZ</subfield>
    <subfield code="b">TFM</subfield>
    <subfield code="c">EUCS</subfield>
  </datafield>
  <datafield tag="999" ind1=" " ind2=" ">
    <subfield code="a">20241126190339.CREATION_DATE</subfield>
  </datafield>
  <datafield tag="951" ind1=" " ind2=" ">
    <subfield code="a">deposita:2025-01-27</subfield>
  </datafield>
</record>
</collection>